<?xml version="1.0" encoding="UTF-8"?>
<record
    xmlns:xsi="http://www.w3.org/2001/XMLSchema-instance"
    xsi:schemaLocation="http://www.loc.gov/MARC21/slim http://www.loc.gov/standards/marcxml/schema/MARC21slim.xsd"
    xmlns="http://www.loc.gov/MARC21/slim">

  <leader>01566nam a22002417a 4500</leader>
  <controlfield tag="005">20231102151836.0</controlfield>
  <controlfield tag="008">150707s2010    cc a|||f |||| 00| 0 spa d</controlfield>
  <datafield tag="020" ind1=" " ind2=" ">
    <subfield code="a">9788434233645</subfield>
  </datafield>
  <datafield tag="050" ind1="1" ind2=" ">
    <subfield code="a">NA2543.S47 </subfield>
    <subfield code="b">B35 2011</subfield>
  </datafield>
  <datafield tag="100" ind1="1" ind2=" ">
    <subfield code="a">Baham&#xF3;n, Alejandro</subfield>
    <subfield code="e">Autor</subfield>
    <subfield code="9">13152</subfield>
  </datafield>
  <datafield tag="245" ind1="1" ind2="0">
    <subfield code="a">Luz, Color, Sonido</subfield>
    <subfield code="b">: efectos sensoriales en la arquitectura contempor&#xE1;nea</subfield>
    <subfield code="c">/ Alejandro Baham&#xF3;n y Ana Mar&#xED;a &#xC1;lvarez</subfield>
  </datafield>
  <datafield tag="260" ind1=" " ind2=" ">
    <subfield code="a">China :</subfield>
    <subfield code="b">Parram&#xF3;n : Pad </subfield>
    <subfield code="c">c2010</subfield>
  </datafield>
  <datafield tag="300" ind1=" " ind2=" ">
    <subfield code="a">335 paginas</subfield>
    <subfield code="b">ilustraciones</subfield>
  </datafield>
  <datafield tag="337" ind1=" " ind2=" ">
    <subfield code="a">Texto</subfield>
  </datafield>
  <datafield tag="338" ind1=" " ind2=" ">
    <subfield code="a">Sin medio</subfield>
  </datafield>
  <datafield tag="500" ind1=" " ind2=" ">
    <subfield code="a">Bibliograf&#xED;a\ Directorio</subfield>
  </datafield>
  <datafield tag="520" ind1="1" ind2=" ">
    <subfield code="a">
Resumen del libro:

En luz, color, sonido se presenta la obra de arquitectos y dise&#xF1;adores alrededor del mundo que hacen de los efectos sensoriales el tema central de dise&#xF1;o. 

En la presentaci&#xF3;n de cada proyecto se hace &#xE9;nfasis en el lenguaje formal, el papel del edificio en la configuraci&#xF3;n del paisaje contempor&#xE1;neo y el aspecto tecnol&#xF3;gico implicado en cada caso. 

Como complemento, se re&#xFA;ne la visi&#xF3;n de cinco profesionales y catedr&#xE1;ticos que han profundizado en el tema de los efectos sensoriales en la arquitectura contempor&#xE1;nea, en los que se esboza un panorama de la luz, el color y el sonido a lo largo de la historia de la arquitectura en el siglo XX e inicio del XXI y el papel de estos elementos en la actualidad.</subfield>
  </datafield>
  <datafield tag="650" ind1="1" ind2="4">
    <subfield code="x">SENTIDOS EN LA ARQUITECTURA</subfield>
    <subfield code="9">13153</subfield>
  </datafield>
  <datafield tag="650" ind1="2" ind2="4">
    <subfield code="x">ARQUITECTURA MODERNA</subfield>
    <subfield code="v">SIGLO XX</subfield>
    <subfield code="9">13154</subfield>
  </datafield>
  <datafield tag="650" ind1="2" ind2="4">
    <subfield code="x">ARQUITECTURA MODERNA</subfield>
    <subfield code="v">SIGLO XXI</subfield>
    <subfield code="9">13155</subfield>
  </datafield>
  <datafield tag="700" ind1="1" ind2="2">
    <subfield code="a">&#xC1;lvarez, Ana Mar&#xED;a</subfield>
    <subfield code="e">coaut.</subfield>
    <subfield code="9">13156</subfield>
  </datafield>
  <datafield tag="942" ind1=" " ind2=" ">
    <subfield code="2">lcc</subfield>
    <subfield code="c">LB</subfield>
  </datafield>
  <datafield tag="952" ind1=" " ind2=" ">
    <subfield code="0">0</subfield>
    <subfield code="1">0</subfield>
    <subfield code="2">lcc</subfield>
    <subfield code="4">0</subfield>
    <subfield code="7">0</subfield>
    <subfield code="a">07</subfield>
    <subfield code="b">07</subfield>
    <subfield code="d">2015-07-08</subfield>
    <subfield code="l">4</subfield>
    <subfield code="o">NA2543.S47 B35</subfield>
    <subfield code="p">07 005155</subfield>
    <subfield code="r">2017-07-10</subfield>
    <subfield code="s">2017-07-10</subfield>
    <subfield code="t">1</subfield>
    <subfield code="w">2015-07-08</subfield>
    <subfield code="y">LB</subfield>
  </datafield>
  <datafield tag="952" ind1=" " ind2=" ">
    <subfield code="0">0</subfield>
    <subfield code="1">0</subfield>
    <subfield code="2">lcc</subfield>
    <subfield code="4">0</subfield>
    <subfield code="7">0</subfield>
    <subfield code="a">12</subfield>
    <subfield code="b">12</subfield>
    <subfield code="d">2015-11-19</subfield>
    <subfield code="l">9</subfield>
    <subfield code="o">NA2543.S47 B35</subfield>
    <subfield code="p">12 002827</subfield>
    <subfield code="r">2024-11-21</subfield>
    <subfield code="s">2019-10-01</subfield>
    <subfield code="t">1</subfield>
    <subfield code="w">2015-11-19</subfield>
    <subfield code="y">LB</subfield>
  </datafield>
  <datafield tag="999" ind1=" " ind2=" ">
    <subfield code="c">97189</subfield>
    <subfield code="d">97189</subfield>
  </datafield>
</record>
